000
00272nam a2200109Ia 4500
001
588884
005
20250717120839.0
008
250717s9999 xx 000 0 und d
245
0
_a
Y-7 TAŞKÖPRÜLÜ ZADE
_c
FATİH İBİŞ
260
_b
ERDEM YAYINLARI
_c
2018
300
_b
125
999
_c
588884
_d
588884